| 000 | 00520nam a22001577a 4500 | ||
|---|---|---|---|
| 008 | 160803b xxu||||| |||| 00| 0 eng d | ||
| 020 | _a9780226284392 | ||
| 050 | _aPN81.N134 | ||
| 110 |
_aAppiah, Kwame Anthony and Gates, Louis Henry _e(ed.) _924575 |
||
| 245 |
_aIdentities _c/ Kwame Anthony Appiah and Henry Louis Gates (ed.) |
||
| 260 |
_aChicago _bUniversity of Chicago Press _c1995 |
||
| 300 |
_a460p. ; _c23cm. |
||
| 650 |
_aCriticism _924576 |
||
| 650 |
_aIdentity in literature _924577 |
||
| 942 |
_2lcc _cMONOGRAPH |
||
| 999 |
_c124840 _d124840 |
||